Indian women in modern society / (Record no. 81079)

MARC details
000 -LEADER
fixed length control field 00629nam a22001937a 4500
005 - DATE AND TIME OF LATEST TRANSACTION
control field 20140306152114.0
010 ## - LCCN (DPL NO)
LC control number ENG-108745
020 ## - INTERNATIONAL STANDARD BOOK NUMBER
Terms of availability 650.00
International Standard Book Number 9788192426549
035 ## - SYSTEM CONTROL NUMBER
System control number EN-92278
037 ## - SOURCE OF ACQUISITION
Source of stock number/acquisition DBAD/PUB
082 ## - DEWEY DECIMAL CLASSIFICATION NUMBER
Classification number 305.4
100 ## - MAIN ENTRY--PERSONAL NAME
Personal name Thakur, Sadhana
245 ## - TITLE STATEMENT
Title Indian women in modern society /
Statement of responsibility, etc by Sadhana Thakur
260 ## - PUBLICATION, DISTRIBUTION, ETC. (IMPRINT)
Place of publication, distribution, etc New Delhi
Name of publisher, distributor, etc Gaurav Book Distributors
Date of publication, distribution, etc 2012
270 ## - ADDRESS
Address H No. 45,Ground floor, Shivaji Marg, Gali No. 5, Kartar Nagar
City Delhi
Postal code 110053
300 ## - PHYSICAL DESCRIPTION
Extent viii,208p.
Dimensions 22cm(Hb)
500 ## - GENERAL NOTE
General note Includes bibliographical references and lndex
942 ## - ADDED ENTRY ELEMENTS (KOHA)
Source of classification or shelving scheme Dewey Decimal Classification
Item type English Books
Call number suffix THA
Classification part 305.4
Holdings
Withdrawn status Lost status Not for loan Collection code Home library Current library Date acquired Source of acquisition Cost, normal purchase price Full call number Barcode Copy number Cost, replacement price Koha item type
    Not For Loan Non-fiction D.B.Act.Division D.B.Act.Division 06/12/2013 DBAD/PUB 650.00 305.4 THA EN-92278 1 650.00 English Books

© Delhi Public Library
Hit Counter
free hit counter